Welcome to the Holygrace Academy Library

Please use search bar below to get started

SAMPLE QUESTION PAPERS SCIENCE (Record no. 810)

MARC details
000 -LEADER
fixed length control field 00356nam a22001337a 4500
020 ## - INTERNATIONAL STANDARD BOOK NUMBER
ISBN 978-93-13165-87-3
082 ## - DEWEY DECIMAL CLASSIFICATION NUMBER
Classification number 500
Item number SIN/F
100 ## - MAIN ENTRY--AUTHOR NAME
Personal name YP SINGH, KP SINGH, MADHULIKA PURI
245 ## - TITLE STATEMENT
Title SAMPLE QUESTION PAPERS SCIENCE
Remainder of title CLASS X
260 ## - PUBLICATION, DISTRIBUTION, ETC. (IMPRINT)
Place of publication DELHI
Name of publisher ARIHANT PRAKASHAN
300 ## - PHYSICAL DESCRIPTION
Number of Pages 212
650 ## - SUBJECT ADDED ENTRY--TOPICAL TERM
Topical Term SCIENCE SAMPLE PAPERS FOR CLASS X
Geographic subdivision INDIA
942 ## - ADDED ENTRY ELEMENTS (KOHA)
Koha item type Books
Holdings
Withdrawn status Lost status Collection code Home library Current library Shelving location Date acquired Source of acquisition Cost, normal purchase price Full call number Accession Number Koha item type
    Reference Main Library Main Library SHELF-8 D CLASS X-SCIENCE 16/10/2018 purchase 165.00 500 SIN/F 10261 Books